| 000 | 00765nam a2200217Ia 4500 | ||
|---|---|---|---|
| 008 | 191130s1981##################000#0#eng## | ||
| 020 | _a9780521284196 | ||
| 022 | _a81003873 | ||
| 040 |
_aACL _cACL |
||
| 082 | _a301.072073 MES | ||
| 245 |
_aAnthropologists at home in north America : methods and issues in the study of one's own society _cDonald A. Messerschmidt, editor |
||
| 260 |
_aCambridge _bCambridge University Press _c1981 |
||
| 300 | _ax, 310 p. ; 24 cm | ||
| 500 | _aIncludes index. Bibliography: p. 281-299 | ||
| 650 | _aAnthropology - Research - United States | ||
| 650 | _aUnited States - Social conditions - 1960- | ||
| 700 | _aMesserschmidt, Donald A | ||
| 990 | _ae20a9697ac10000c35f47c5f14f565b1 | ||
| 991 | _a11140 | ||
| 999 |
_c371152 _d371152 |
||